EMC in power electronics (notice n° 1901167)
[ vue normale ]
| 000 -LEADER | |
|---|---|
| fixed length control field | 00500cam a2200157 4500500 |
| 005 - DATE AND TIME OF LATEST TRANSACTION | |
| control field | 20260329015816.0 |
| 041 ## - LANGUAGE CODE | |
| Language code of text/sound track or separate title | fre |
| 042 ## - AUTHENTICATION CODE | |
| Authentication code | dc |
| 100 10 - MAIN ENTRY--PERSONAL NAME | |
| Personal name | Costa, François |
| Relator term | author |
| 245 00 - TITLE STATEMENT | |
| Title | EMC in power electronics |
| 260 ## - PUBLICATION, DISTRIBUTION, ETC. | |
| Date of publication, distribution, etc. | 2026.<br/> |
| 500 ## - GENERAL NOTE | |
| General note | 24 |
| 700 10 - ADDED ENTRY--PERSONAL NAME | |
| Personal name | Rojat, Gérard |
| Relator term | author |
| 786 0# - DATA SOURCE ENTRY | |
| Note | Conversion of electrical energy | - | 2026-03-05 | p. 21-21 |
| 856 41 - ELECTRONIC LOCATION AND ACCESS | |
| Uniform Resource Identifier | <a href="https://stm.cairn.info/electromagnetic-compatibility--bdti42705210-d3290-page-21?lang=en&redirect-ssocas=7080">https://stm.cairn.info/electromagnetic-compatibility--bdti42705210-d3290-page-21?lang=en&redirect-ssocas=7080</a> |
Pas d'exemplaire disponible.




Réseaux sociaux